[Event "4NCL Online Division 6"]
[Site "online"]
[Date "2020.10.20"]
[Round "5.114"]
[White "Morgan, Philip D"]
[Black "Johnston, Alexander"]
[Result "1-0"]
[WhiteElo "1787"]
[BlackElo "1480"]
[PlyCount "135"]
[EventDate "2020.10.20"]
[WhiteTeam "Ashfield Anonymous C"]
[BlackTeam "Forest Hall Juniors"]

1. e4 c6 2. d4 d5 3. exd5 cxd5 4. c4 Bf5 5. Nc3 e6 6. Nf3 Nf6 7. cxd5 Nxd5 8.
Bb5+ Nc6 9. Ne5 Qb6 10. O-O Nxc3 11. Bxc6+ bxc6 12. bxc3 Qc7 13. Bf4 Bd6 14.
Bg3 Rd8 15. Qa4 O-O 16. Nxc6 Rc8 17. Bxd6 Qxd6 18. Ne5 Rxc3 19. Qxa7 Ra3 20.
Qc5 Qxc5 21. dxc5 Rc8 22. Rfc1 Ra5 23. a4 Raxc5 24. Rxc5 Rxc5 25. Nd7 Ra5 26.
Nb6 h6 27. Nc4 Ra6 28. a5 Kh7 29. Ne3 Bd3 30. f3 g5 31. Ng4 Kg7 32. Kf2 h5 33.
Ne3 Ra8 34. Nd1 Kf6 35. Nc3 Kf5 36. Ne2 Bxe2 37. Kxe2 Ke5 38. a6 Ra7 39. Ke3 f5
40. Ra5+ Kd6 41. Kd4 g4 42. f4 Ke7 43. Kc5 Kd7 44. Kb6 Ra8 45. Kb7 Rh8 46. a7
h4 47. a8=Q Rxa8 48. Kxa8 Ke7 49. Kb7 Kd6 50. Re5 Kd7 51. Kb6 Kd6 52. Kb5 Kd7
53. Kc5 Ke7 54. Kc6 Kf6 55. Kd6 g3 56. Rxe6+ Kg7 57. h3 Kf7 58. Ke5 Kg7 59.
Kxf5 Kf7 60. Rh6 Kg7 61. Rxh4 Kf7 62. Rh6 Kg7 63. Rb6 Kh7 64. Kg5 Kg7 65. Rb7+
Kg8 66. Kf6 Kh8 67. Kg6 Kg8 68. Rb8# 1-0

[Event "4NCL Online Division 6"]
[Site "online"]
[Date "2020.10.20"]
[Round "5.121"]
[White "Pope, Martin"]
[Black "Willoughby, Christopher"]
[Result "0-1"]
[WhiteElo "1660"]
[BlackElo "1742"]
[PlyCount "50"]
[EventDate "2020.10.20"]
[WhiteTeam "Jan Luke's Wrecking Crew"]
[BlackTeam "Brentwood B"]

1. g3 d5 2. Nh3 e5 3. Bg2 Nc6 4. d3 h6 5. O-O Be6 6. f4 Bc5+ 7. Kh1 Qd7 8. Nf2
Nf6 9. e4 exf4 10. Bxf4 g5 11. Bd2 dxe4 12. Nxe4 Nxe4 13. Bxe4 f5 14. Bg2 O-O-O
15. Nc3 Ne5 16. Qe2 Bd4 17. Be3 Nc6 18. Kg1 Rhe8 19. Bxc6 Qxc6 20. Bxd4 Rxd4
21. Qf2 Rg4 22. h3 Rb4 23. Nd1 f4 24. g4 h5 25. gxh5 Bxh3 0-1

[Event "4NCL Online Division 6"]
[Site "online"]
[Date "2020.10.20"]
[Round "5.122"]
[White "Molostvov, Dmitry M"]
[Black "Nancarrow, Richard"]
[Result "1-0"]
[WhiteElo "1712"]
[BlackElo "1540"]
[PlyCount "103"]
[EventDate "2020.10.20"]
[WhiteTeam "Brentwood B"]
[BlackTeam "Jan Luke's Wrecking Crew"]

1. d4 d5 2. c4 c6 3. e3 Nf6 4. Nc3 e6 5. Bd3 Bb4 6. Bd2 O-O 7. Nf3 h6 8. O-O
Nbd7 9. Ne5 Bd6 10. f4 c5 11. cxd5 cxd4 12. exd4 exd5 13. Qf3 Nb6 14. Rfe1 a6
15. a4 Bc7 16. a5 Nc4 17. Bxc4 dxc4 18. d5 Bxa5 19. Nxc4 Bxc3 20. Bxc3 Qxd5 21.
Nb6 Qc5+ 22. Qe3 Qxe3+ 23. Rxe3 Bd7 24. Nxa8 Rxa8 25. Bxf6 gxf6 26. Rd1 Bc6 27.
Red3 Re8 28. Rd8 Rxd8 29. Rxd8+ Kg7 30. Kf2 f5 31. Kg3 Be4 32. Rd6 Bc6 33. Kh3
Be4 34. g4 fxg4+ 35. Kxg4 Bc6 36. Kh5 Bf3+ 37. Kh4 Bc6 38. f5 f6 39. Rd4 Kf7
40. Rg4 Bd7 41. Rf4 Bc6 42. Kh5 Kg7 43. Rg4+ Kf7 44. Kxh6 Bd7 45. Rg7+ Ke8 46.
Rxd7 Kxd7 47. Kg6 Ke7 48. h4 Kf8 49. Kxf6 Kg8 50. Ke7 b5 51. f6 a5 52. f7+ 1-0

[Event "4NCL Online Division 6"]
[Site "online"]
[Date "2020.10.20"]
[Round "5.123"]
[White "Macphail, Kieran"]
[Black "Pert, Max"]
[Result "1-0"]
[WhiteElo "1472"]
[BlackElo "1787"]
[PlyCount "127"]
[EventDate "2020.10.20"]
[WhiteTeam "Jan Luke's Wrecking Crew"]
[BlackTeam "Brentwood B"]

1. e4 c6 2. d4 d5 3. e5 c5 4. dxc5 Nc6 5. Nf3 Bg4 6. Be3 e6 7. Nbd2 Nge7 8. Be2
Ng6 9. h3 Bxf3 10. Nxf3 Ngxe5 11. O-O Be7 12. Nxe5 Nxe5 13. Bb5+ Nc6 14. c4 O-O
15. cxd5 Qxd5 16. Qxd5 exd5 17. Rfd1 Rad8 18. a3 Bf6 19. Rab1 Na5 20. b4 Nc4
21. Bxc4 dxc4 22. Rdc1 c3 23. Rc2 Rd3 24. Kf1 Rfd8 25. Ke2 Kf8 26. Rbc1 Ke7 27.
h4 h6 28. g4 g5 29. hxg5 hxg5 30. c6 bxc6 31. Bxa7 Be5 32. Bc5+ Ke6 33. a4 Bf4
34. Rxc3 Rd2+ 35. Kf1 Ra2 36. Re1+ Kd7 37. Bb6 Rb8 38. Rd3+ Kc8 39. Re8+ Kb7
40. Rxb8+ Bxb8 41. a5 Ra4 42. Rd4 Ka6 43. Bc5 Kb5 44. Rd7 Bf4 45. Rxf7 Kc4 46.
Rd7 Ra2 47. Rd1 Ra3 48. Rd8 Ra2 49. Rc8 Kb5 50. Ra8 Ra3 51. Ke2 Ra2+ 52. Kd3
Ra3+ 53. Kc2 Ra4 54. Kb3 Ra1 55. Kb2 Ra4 56. Ra7 Bd2 57. Rb7+ Kc4 58. Rb6 Kd5
59. Kc2 Bf4 60. Kb3 Ra1 61. Ra6 Bd2 62. Ra8 Bf4 63. a6 Bd6 64. Rd8 1-0

[Event "4NCL Online Division 6"]
[Site "online"]
[Date "2020.10.20"]
[Round "5.124"]
[White "Willoughby, Andrew P"]
[Black "Spargo, Philip J"]
[Result "1/2-1/2"]
[WhiteElo "1742"]
[BlackElo "1420"]
[PlyCount "127"]
[EventDate "2020.10.20"]
[WhiteTeam "Brentwood B"]
[BlackTeam "Jan Luke's Wrecking Crew"]

1. e4 e5 2. Nf3 d6 3. Bc4 Be7 4. O-O Nf6 5. Re1 O-O 6. c3 Nc6 7. h3 Na5 8. Bb3
Nxb3 9. axb3 b6 10. d3 Bb7 11. b4 Qd7 12. Nbd2 Rfd8 13. Nc4 Bc6 14. Qb3 Bb5 15.
Ng5 Bxc4 16. Qxc4 Rf8 17. f4 h6 18. Nf3 exf4 19. Bxf4 Nh5 20. Bh2 Qd8 21. Qd5
Nf6 22. Qb7 a5 23. bxa5 bxa5 24. Qb3 Qb8 25. Nd4 Qxb3 26. Nxb3 a4 27. Nd4 Nd7
28. Nb5 c6 29. Nxd6 Bxd6 30. Bxd6 Rfc8 31. e5 Nb6 32. Re4 c5 33. e6 fxe6 34.
Rxe6 Nd5 35. Re5 Nf4 36. Rd1 c4 37. d4 Nd3 38. Re2 Rc6 39. Ba3 Rd8 40. Re7 Ra6
41. Rc7 Rb8 42. Rf1 Nxb2 43. Rff7 Rg6 44. Rb7 Rxb7 45. Rxb7 Nd1 46. Bb4 Ra6 47.
Rc7 Nb2 48. Ba3 Rb6 49. Bxb2 Rxb2 50. Rxc4 a3 51. Ra4 a2 52. Kh2 Rc2 53. c4
Rxc4 54. Rxa2 Rxd4 55. Rf2 Rd8 56. g4 Rd7 57. Kg3 g5 58. Rf6 Kh7 59. Rf3 Kg6
60. h4 gxh4+ 61. Kxh4 Rd5 62. Re3 Rd6 63. Rg3 Rd5 64. Re3 1/2-1/2

[Event "4NCL Online Division 6"]
[Site "online"]
[Date "2020.10.20"]
[Round "5.131"]
[White "Buanne, Luca"]
[Black "Wilson, Matthew R"]
[Result "1-0"]
[WhiteElo "2005"]
[BlackElo "1758"]
[PlyCount "43"]
[EventDate "2020.10.20"]
[WhiteTeam "Battersea Juniors"]
[BlackTeam "Wolfpack"]

1. d4 d5 2. c4 e6 3. Nc3 Nf6 4. cxd5 exd5 5. Bg5 c6 6. e3 h6 7. Bh4 Be7 8. Qc2
Nbd7 9. Bd3 Nh5 10. Bxe7 Qxe7 11. Nge2 Nb6 12. O-O O-O 13. Ng3 Nxg3 14. hxg3
Re8 15. Rab1 Be6 16. b4 Rac8 17. Na4 Nxa4 18. Qxa4 g6 19. Rfc1 Kg7 20. b5 c5
21. dxc5 Rxc5 22. Qd4+ 1-0

[Event "4NCL Online Division 6"]
[Site "online"]
[Date "2020.10.20"]
[Round "5.132"]
[White "Hayden, Luke"]
[Black "Agrawal, Shivam"]
[Result "1-0"]
[WhiteElo "1581"]
[BlackElo "1952"]
[PlyCount "37"]
[EventDate "2020.10.20"]
[WhiteTeam "Wolfpack"]
[BlackTeam "Battersea Juniors"]

1. e4 c6 2. Nf3 d5 3. d3 dxe4 4. Ng5 exd3 5. Bxd3 e6 6. Nxh7 Nf6 7. Nxf8 Rxf8
8. O-O Rh8 9. Qf3 Nbd7 10. Re1 Nc5 11. Bf1 Bd7 12. Bg5 Qa5 13. Nd2 O-O-O 14.
Nc4 Qxe1 15. Rxe1 Rh7 16. Bf4 Ne8 17. Nd6+ Nxd6 18. Bxd6 Na4 19. Qe4 1-0

[Event "4NCL Online Division 6"]
[Site "online"]
[Date "2020.10.20"]
[Round "5.133"]
[White "Dupuis, Denis K"]
[Black "Gliddon, Daniel J"]
[Result "1-0"]
[WhiteElo "1870"]
[BlackElo "1509"]
[PlyCount "59"]
[EventDate "2020.10.20"]
[WhiteTeam "Battersea Juniors"]
[BlackTeam "Wolfpack"]

1. e4 e5 2. Nf3 Nc6 3. Bc4 Nf6 4. d3 Bc5 5. c3 d5 6. exd5 Nxd5 7. O-O O-O 8.
Re1 Re8 9. Bg5 Nf6 10. Nbd2 h6 11. Bxf6 Qxf6 12. Ne4 Qe7 13. d4 Bd6 14. Nxd6
cxd6 15. dxe5 dxe5 16. b4 Bg4 17. h3 Rad8 18. Qe2 Bxf3 19. Qxf3 Qc7 20. Bb3 Rd7
21. Re2 Rde7 22. Rae1 Kh8 23. Qf5 f6 24. Bc2 Kg8 25. Qh7+ Kf8 26. Bb3 Rd7 27.
Qg8+ Ke7 28. Qxg7+ Kd8 29. Qxf6+ Kc8 30. Be6 1-0

[Event "4NCL Online Division 6"]
[Site "online"]
[Date "2020.10.20"]
[Round "5.134"]
[White "Bloom, Paul"]
[Black "Steiners, Emils"]
[Result "1-0"]
[WhiteElo "1525"]
[BlackElo "1442"]
[PlyCount "45"]
[EventDate "2020.10.20"]
[WhiteTeam "Wolfpack"]
[BlackTeam "Battersea Juniors"]

1. e4 e6 2. d4 d5 3. exd5 exd5 4. Nc3 Nc6 5. Bb5 Nf6 6. Nge2 Be7 7. O-O O-O 8.
a3 h6 9. Ng3 Bd6 10. Qd3 Bxg3 11. fxg3 Re8 12. Bd2 Ne4 13. Rae1 f5 14. Bf4 a5
15. Nxd5 Rf8 16. Nxc7 Ra7 17. Bc4+ Kh8 18. Nb5 Ra8 19. c3 Qf6 20. Nc7 Ra7 21.
Nd5 Qd8 22. Bc7 Qd7 23. Rxe4 1-0

[Event "4NCL Online Division 6"]
[Site "online"]
[Date "2020.10.20"]
[Round "5.141"]
[White "Scott, Ian"]
[Black "MacLeod, Alasdair"]
[Result "1/2-1/2"]
[WhiteElo "1540"]
[BlackElo "1832"]
[PlyCount "54"]
[EventDate "2020.10.20"]
[WhiteTeam "St Andrews White Cross"]
[BlackTeam "Deaf England"]

1. e4 c5 2. d4 cxd4 3. c3 dxc3 4. Nxc3 e6 5. Nf3 a6 6. Bc4 b5 7. Bb3 Nc6 8. O-O
d6 9. Qe2 Ra7 10. Rd1 Rd7 11. a3 Be7 12. Bf4 Nf6 13. Rac1 Bb7 14. h3 h6 15. Rd2
O-O 16. Rcd1 Qc8 17. Bxd6 Bxd6 18. Rxd6 Rfd8 19. Rxd7 Rxd7 20. Rxd7 Qxd7 21.
Qd2 Qxd2 22. Nxd2 Ne5 23. Bc2 Kf8 24. f4 Ned7 25. Kf2 e5 26. Ke3 Ke7 27. f5 Nc5
1/2-1/2

[Event "4NCL Online Division 6"]
[Site "online"]
[Date "2020.10.20"]
[Round "5.142"]
[White "Dwek, Ilan G"]
[Black "Clayton, N Charles"]
[Result "1-0"]
[WhiteElo "1675"]
[BlackElo "1480"]
[PlyCount "65"]
[EventDate "2020.10.20"]
[WhiteTeam "Deaf England"]
[BlackTeam "St Andrews White Cross"]

1. e4 c6 2. d4 d5 3. exd5 cxd5 4. Bd3 Nf6 5. c3 e6 6. Bf4 Bd6 7. Bxd6 Qxd6 8.
Nf3 Nc6 9. O-O O-O 10. Nbd2 Bd7 11. Qe2 Rac8 12. Rae1 Nh5 13. g3 Nf6 14. Ne5 a6
15. f4 b5 16. a3 Na5 17. Bb1 Nc4 18. Ndf3 g6 19. Nxd7 Nxd7 20. Ne5 Qe7 21. Rf2
Kg7 22. g4 h6 23. f5 exf5 24. gxf5 Ndxe5 25. dxe5 Qg5+ 26. Rg2 Qd8 27. fxg6
Qb6+ 28. Kh1 fxg6 29. Rxg6+ Qxg6 30. Bxg6 Kxg6 31. Rg1+ Kh7 32. Qd3+ Kh8 33.
Qg6 1-0

[Event "4NCL Online Division 6"]
[Site "online"]
[Date "2020.10.20"]
[Round "5.143"]
[White "Ezra, Raymond"]
[Black "David, Barry A H"]
[Result "0-1"]
[WhiteElo "1262"]
[BlackElo "1667"]
[PlyCount "118"]
[EventDate "2020.10.20"]
[WhiteTeam "St Andrews White Cross"]
[BlackTeam "Deaf England"]

1. e4 e6 2. d4 d5 3. e5 c5 4. c3 Nc6 5. Nf3 Qb6 6. Be2 cxd4 7. Nxd4 Nxe5 8. O-O
Nf6 9. Re1 Be7 10. b4 O-O 11. Be3 Qd8 12. Bf4 Ng6 13. Be3 e5 14. Nb3 b6 15.
N1d2 Bb7 16. Nf3 h6 17. Qc2 Rc8 18. Red1 Bxb4 19. Bd2 Ne4 20. Qb2 Nxc3 21. Re1
d4 22. Rad1 Nxd1 23. Rxd1 Bxd2 24. Rxd2 Qc7 25. Ne1 Nf4 26. Bg4 f5 27. Rc2 Qd6
28. Rxc8 Bxc8 29. Bd1 Bb7 30. h3 Rc8 31. Nf3 Rc3 32. Nh4 Qf6 33. Bf3 Bxf3 34.
Nxf3 Qg6 35. g3 Rxf3 36. Nd2 Rd3 37. Nc4 Nxh3+ 38. Kg2 Nf4+ 39. Kg1 Nd5 40.
Nxe5 Rxg3+ 41. fxg3 Qxg3+ 42. Kh1 Qxe5 43. Qb5 Qe4+ 44. Kg1 Ne3 45. Qe2 Qg4+
46. Kf2 Qxe2+ 47. Kxe2 h5 48. Kd3 Ng4 49. Kxd4 Kf7 50. a4 Ke6 51. Kc4 a6 52.
Kd3 Ke5 53. Kc4 h4 54. Kd3 h3 55. Ke2 h2 56. Kf3 h1=Q+ 57. Kg3 Qe1+ 58. Kh3 g5
59. Kg2 Qf2+ 0-1

[Event "4NCL Online Division 6"]
[Site "online"]
[Date "2020.10.20"]
[Round "5.144"]
[White "Masterson, Desmond"]
[Black "Donoghue, Steve"]
[Result "1-0"]
[WhiteElo "992"]
[BlackElo "1285"]
[PlyCount "125"]
[EventDate "2020.10.20"]
[WhiteTeam "Deaf England"]
[BlackTeam "St Andrews White Cross"]

1. e4 g6 2. d4 Bg7 3. Nf3 c5 4. dxc5 Qa5+ 5. c3 Qxc5 6. Be3 Qc7 7. Bd3 Nf6 8.
O-O Ng4 9. Bd2 Qd6 10. Qc2 Ne5 11. Nxe5 Bxe5 12. g3 O-O 13. Na3 Qc7 14. Nb5 Qd8
15. Bc4 a6 16. Nd4 Qc7 17. Qd3 d6 18. Nf3 Bg7 19. Ng5 e6 20. Bf4 Rd8 21. Rfd1
Bf8 22. Qe2 Nc6 23. b4 b5 24. Bb3 Qe7 25. Nf3 f6 26. Nd4 Bd7 27. Nxb5 axb5 28.
Qxb5 Ne5 29. Qe2 Rab8 30. a3 h5 31. h4 g5 32. Bxe5 dxe5 33. Qxh5 Be8 34. Qg4 f5
35. exf5 Bf7 36. fxe6 Bg6 37. Rxd8 Rxd8 38. Rd1 Rxd1+ 39. Bxd1 Bh6 40. h5 Bh7
41. a4 Qd6 42. Bb3 Kf8 43. Qc4 Ke7 44. Qd5 Qxd5 45. Bxd5 Bg8 46. a5 Bxe6 47.
Bxe6 Kxe6 48. a6 Kd6 49. b5 Kc7 50. c4 Bf8 51. g4 Bc5 52. Kg2 Bb6 53. h6 Bd4
54. h7 e4 55. Kg3 Kb6 56. Kg2 Kc7 57. Kf1 Kb6 58. Ke2 Kc7 59. f3 exf3+ 60. Kxf3
Kb6 61. Ke4 Bc5 62. Kf5 Bd4 63. Kxg5 1-0

[Event "4NCL Online Division 6"]
[Site "online"]
[Date "2020.10.20"]
[Round "5.151"]
[White "Hossain Mohammed, Ashraf"]
[Black "Smith, Richard AL"]
[Result "1-0"]
[WhiteElo "1750"]
[BlackElo "1810"]
[PlyCount "49"]
[EventDate "2020.10.20"]
[WhiteTeam "Enfield 1"]
[BlackTeam "Camborne Pendarves"]

1. e4 e5 2. Bc4 f5 3. Nf3 Nc6 4. d3 d6 5. Ng5 Nf6 6. Nf7 Qe7 7. Nxh8 Be6 8.
Bxe6 Qxe6 9. Nc3 O-O-O 10. exf5 Qg8 11. Ne4 Qxh8 12. Bg5 Be7 13. Qd2 h6 14.
Bxf6 gxf6 15. O-O-O h5 16. h4 Bf8 17. Kb1 d5 18. Ng3 Qg8 19. Qe2 Qf7 20. Qxh5
Qd7 21. Qg6 Be7 22. Nh5 Rf8 23. Ng7 Bc5 24. Ne6 Ne7 25. Nxf8 1-0

[Event "4NCL Online Division 6"]
[Site "online"]
[Date "2020.10.20"]
[Round "5.152"]
[White "Rodrigo, Y Jan"]
[Black "McNish, David"]
[Result "0-1"]
[WhiteElo "1795"]
[BlackElo "1727"]
[PlyCount "107"]
[EventDate "2020.10.20"]
[WhiteTeam "Camborne Pendarves"]
[BlackTeam "Enfield 1"]

1. d4 Nf6 2. Nc3 g6 3. e4 d6 4. Bf4 Bg7 5. Qd2 O-O 6. O-O-O Nbd7 7. e5 Nh5 8.
Bh6 dxe5 9. Bxg7 Nxg7 10. dxe5 c6 11. h4 h5 12. Bc4 b5 13. Bb3 a5 14. a4 Qb6
15. axb5 cxb5 16. Nf3 Nc5 17. Bd5 Bb7 18. Bxb7 Qxb7 19. Qd5 Qb6 20. Ng5 Rad8
21. Qf3 Rxd1+ 22. Rxd1 a4 23. Nd5 Qb7 24. Nb4 Qxf3 25. Nxf3 Rc8 26. Kb1 Nge6
27. Nd4 Nxd4 28. Rxd4 e6 29. g3 Kf8 30. Ka2 Ke8 31. Rd6 Ne4 32. Rb6 Nxf2 33.
Rxb5 Ne4 34. Ra5 Nxg3 35. Rxa4 Nf5 36. Nd3 Rxc2 37. Kb3 Rc8 38. Re4 Rd8 39. Kc3
Rc8+ 40. Kb3 Ke7 41. Nb4 Rd8 42. Kc4 Rc8+ 43. Kb5 Kf8 44. Na6 Rc2 45. b4 Rh2
46. Kc6 Nxh4 47. b5 Rc2+ 48. Nc5 Nf5 49. b6 Ne7+ 50. Kb5 Rb2+ 51. Rb4 Rxb4+ 52.
Kxb4 Nd5+ 53. Kb5 Nxb6 54. Kc6 0-1

[Event "4NCL Online Division 6"]
[Site "online"]
[Date "2020.10.20"]
[Round "5.153"]
[White "O'Caolaidhe, Cormac"]
[Black "Jenkins, David J"]
[Result "1-0"]
[WhiteElo "1555"]
[BlackElo "1795"]
[PlyCount "47"]
[EventDate "2020.10.20"]
[WhiteTeam "Enfield 1"]
[BlackTeam "Camborne Pendarves"]

1. e4 c5 2. d4 cxd4 3. c3 d5 4. e5 e6 5. Nf3 dxc3 6. Nxc3 Ne7 7. Bg5 h6 8. Be3
Ng6 9. Rc1 Be7 10. Bd3 O-O 11. O-O Nc6 12. a3 d4 13. Bxg6 fxg6 14. Bxd4 Nxd4
15. Nxd4 Bg5 16. f4 Bxf4 17. Rxf4 Rxf4 18. Nf3 Qf6 19. Qb3 b6 20. Nb5 Bb7 21.
Nc7 Rc8 22. Rc3 Bxf3 23. Nxe6 Qxe6 24. Qxe6+ 1-0

[Event "4NCL Online Division 6"]
[Site "online"]
[Date "2020.10.20"]
[Round "5.154"]
[White "Oates, Thomas"]
[Black "Kapur, Gul"]
[Result "0-1"]
[WhiteElo "1682"]
[BlackElo "1532"]
[PlyCount "96"]
[EventDate "2020.10.20"]
[WhiteTeam "Camborne Pendarves"]
[BlackTeam "Enfield 1"]

1. d4 d5 2. c4 Nf6 3. cxd5 Nxd5 4. e4 Nf6 5. Nc3 c6 6. Nf3 Bg4 7. Be2 e6 8. Qb3
Qb6 9. h3 Bh5 10. O-O Qxb3 11. axb3 Bb4 12. Bg5 Nfd7 13. Rfd1 h6 14. Bf4 Nf6
15. Bxb8 Rxb8 16. e5 Nd5 17. Nxd5 exd5 18. Rxa7 O-O 19. Kf1 Bg6 20. Ne1 Bf5 21.
Nd3 Bxd3 22. Bxd3 Rfe8 23. Bf5 g6 24. Bg4 Kg7 25. f4 h5 26. Bf3 f5 27. g4 h4
28. gxf5 gxf5 29. Rc1 Kh6 30. Rc2 Rg8 31. Rg2 Rxg2 32. Bxg2 Bd2 33. Kf2 Bxf4
34. Kf3 Bc1 35. Ra2 Rg8 36. Kf2 Kg5 37. Bf1 Kf4 38. b4 Be3+ 39. Ke2 Bxd4 40. e6
Re8 41. Kd3 Bf6 42. Ra7 Re7 43. b5 c5 44. Ra4+ Kg3 45. b4 c4+ 46. Kd2 Rxe6 47.
Ra3+ Kf2 48. Ra1 Bxa1 0-1

[Event "4NCL Online Division 6"]
[Site "online"]
[Date "2020.10.20"]
[Round "5.161"]
[White "White, David"]
[Black "Shen, Alex"]
[Result "0-1"]
[WhiteElo "1810"]
[BlackElo "1630"]
[PlyCount "98"]
[EventDate "2020.10.20"]
[WhiteTeam "Welwyn Hatfield"]
[BlackTeam "MCS Oxford B"]

1. e4 c5 2. Nf3 e6 3. d4 cxd4 4. Nxd4 Nf6 5. Bd3 d6 6. O-O a6 7. Nc3 Be7 8. Be3
O-O 9. Qe2 b5 10. a3 Qc7 11. Rad1 Nbd7 12. Rd2 Bb7 13. Rfd1 Rad8 14. f4 Rfe8
15. g4 Nc5 16. Bf2 Nxd3 17. Rxd3 g6 18. h4 Kg7 19. g5 Nh5 20. Qg4 Kf8 21. f5 e5
22. fxg6 hxg6 23. Nde2 Kg7 24. R1d2 Qc4 25. b3 Qc7 26. Nd5 Bxd5 27. Rxd5 Qb7
28. Qf3 Rf8 29. Qd3 Qd7 30. Qf3 Qe6 31. Bb6 Rc8 32. Ba5 Rc6 33. Bb4 Rfc8 34. c3
Ra8 35. a4 bxa4 36. bxa4 Rh8 37. Kf2 Kg8 38. Rd1 Ng7 39. Rh1 Nh5 40. Kg2 Kg7
41. Qh3 Qxh3+ 42. Rxh3 Rhc8 43. Rhd3 Rd8 44. Kf3 f6 45. Kg4 fxg5 46. hxg5 Rc4
47. Kf3 Rf8+ 48. Kg2 Rxe4 49. Ng3 Rg4 0-1

[Event "4NCL Online Division 6"]
[Site "online"]
[Date "2020.10.20"]
[Round "5.162"]
[White "Turner, Ben"]
[Black "Roderick, Andrew"]
[Result "0-1"]
[WhiteElo "1487"]
[BlackElo "1787"]
[PlyCount "56"]
[EventDate "2020.10.20"]
[WhiteTeam "MCS Oxford B"]
[BlackTeam "Welwyn Hatfield"]

1. d4 e6 2. e4 a6 3. c4 b5 4. Nf3 Bb7 5. Bd3 bxc4 6. Bxc4 Bxe4 7. Nc3 Bb7 8.
O-O Nf6 9. Bg5 h6 10. Bh4 Be7 11. Ne5 d6 12. Ng4 Nxg4 13. Bxe7 Qxe7 14. Qxg4
Nd7 15. Qxg7 O-O-O 16. d5 Ne5 17. Qg3 Nxc4 18. Rfe1 Rdg8 19. Qh3 Rg6 20. g3 Ne5
21. Kf1 Qd7 22. dxe6 fxe6 23. Qh5 Rg5 24. Qh3 Qf7 25. f4 Rh5 26. Qxh5 Qxh5 27.
fxe5 Qf3+ 28. Kg1 Qg2# 0-1

[Event "4NCL Online Division 6"]
[Site "online"]
[Date "2020.10.20"]
[Round "5.163"]
[White "Smith, Andrew PE"]
[Black "Li, Reya"]
[Result "1-0"]
[WhiteElo "1757"]
[BlackElo "1510"]
[PlyCount "107"]
[EventDate "2020.10.20"]
[WhiteTeam "Welwyn Hatfield"]
[BlackTeam "MCS Oxford B"]

1. d4 Nf6 2. Nc3 d5 3. e4 dxe4 4. f3 exf3 5. Nxf3 Bf5 6. Nh4 Bg4 7. Qd3 Nc6 8.
h3 Be6 9. Be3 g6 10. O-O-O Nd5 11. Nxd5 Bxd5 12. c4 Nb4 13. Qb3 Be4 14. Qxb4 e6
15. Qe1 Qd7 16. Bd3 Bxd3 17. Rxd3 Qa4 18. Kb1 O-O-O 19. Qc3 Bb4 20. Qb3 Qxb3
21. Rxb3 Be7 22. Nf3 f6 23. Kc2 Rd6 24. Bf4 Rc6 25. Nd2 Rd8 26. Kc3 g5 27. Bg3
f5 28. Be5 Bd6 29. Nf3 g4 30. hxg4 fxg4 31. Ng5 Bxe5 32. dxe5 Rc5 33. Nxe6 Rxe5
34. Nxd8 Kxd8 35. Kd4 Re2 36. g3 b6 37. Rxh7 c5+ 38. Kd5 Rd2+ 39. Kc6 Rd4 40.
Rxa7 Ke8 41. Rxb6 Rd8 42. Kxc5 Rc8+ 43. Rc6 Rd8 44. Rh7 Kf8 45. Rh8+ Ke7 46.
Rxd8 Kxd8 47. Rh6 Kd7 48. Kd5 Kc7 49. a4 Kb7 50. Kc5 Ka7 51. Kb5 Kb8 52. Kb6
Kc8 53. Rh7 Kb8 54. Rh8# 1-0

[Event "4NCL Online Division 6"]
[Site "online"]
[Date "2020.10.20"]
[Round "5.164"]
[White "Turner, Jamie"]
[Black "Ruddick, Gary J"]
[Result "1-0"]
[WhiteElo "1525"]
[BlackElo "1495"]
[PlyCount "114"]
[EventDate "2020.10.20"]
[WhiteTeam "MCS Oxford B"]
[BlackTeam "Welwyn Hatfield"]

1. d4 e6 2. c4 f5 3. Nc3 Bb4 4. a3 Bxc3+ 5. bxc3 Nf6 6. Bg5 O-O 7. Nf3 d6 8. e3
b6 9. Bd3 Qe8 10. Qc2 Bb7 11. Qe2 Ne4 12. Bxe4 fxe4 13. Nd2 d5 14. O-O Nd7 15.
Qg4 Qg6 16. h4 h5 17. Qg3 Rae8 18. Bf4 Qxg3 19. Bxg3 c6 20. a4 Bc8 21. a5 e5
22. axb6 axb6 23. f3 exf3 24. Nxf3 e4 25. Nd2 Rxf1+ 26. Rxf1 Rf8 27. Rxf8+ Nxf8
28. Bc7 b5 29. cxb5 cxb5 30. Bd6 Ne6 31. Kf2 Kf7 32. Nb1 Nd8 33. Na3 Bd7 34.
Kg3 Ke6 35. Bc7 Nf7 36. Kf4 g6 37. Nc2 Bc6 38. Nb4 Kd7 39. Bb6 Bb7 40. g4 Ke6
41. Nc2 hxg4 42. Kxg4 Kf6 43. Kf4 g5+ 44. hxg5+ Kg6 45. Ne1 Bc6 46. Ng2 Bd7 47.
Bc5 Be6 48. Be7 Bd7 49. Nh4+ Kg7 50. Bf6+ Kg8 51. Ng6 Nd6 52. Ne7+ Kf7 53. Nxd5
Nc4 54. Kxe4 Nd2+ 55. Kd3 Nc4 56. e4 Kg6 57. Nf4+ Kf7 1-0

[Event "4NCL Online Division 6"]
[Site "online"]
[Date "2020.10.20"]
[Round "5.171"]
[White "Trudeau, Gary"]
[Black "Layhe, Neville"]
[Result "1/2-1/2"]
[WhiteElo "1780"]
[BlackElo "1682"]
[PlyCount "34"]
[EventDate "2020.10.20"]
[WhiteTeam "Calstock Killers"]
[BlackTeam "Crewe BOL"]

1. e4 d5 2. e5 e6 3. d4 c5 4. c3 Qb6 5. Nf3 Nc6 6. Bd3 cxd4 7. cxd4 Bd7 8. Bc2
Bb4+ 9. Nc3 Nge7 10. a3 Bxc3+ 11. bxc3 Rc8 12. O-O Na5 13. Rb1 Qc7 14. Bd2 Nc4
15. Bc1 Na5 16. Bd2 Nc4 17. Bc1 Na5 1/2-1/2

[Event "4NCL Online Division 6"]
[Site "online"]
[Date "2020.10.20"]
[Round "5.172"]
[White "Tilton, Lee"]
[Black "Kirkman, Nigel J"]
[Result "0-1"]
[WhiteElo "1442"]
[BlackElo "1772"]
[PlyCount "46"]
[EventDate "2020.10.20"]
[WhiteTeam "Crewe BOL"]
[BlackTeam "Calstock Killers"]

1. d4 f5 2. Bg5 g6 3. c4 Bg7 4. Qb3 d6 5. Nf3 Nf6 6. Bd2 c6 7. e3 Qc7 8. Be2
Be6 9. Ng5 Bg8 10. Nc3 h6 11. Nf3 Bf7 12. h4 Nbd7 13. O-O-O a6 14. Qc2 b5 15.
Nb1 bxc4 16. Bxc4 d5 17. Be2 Ne4 18. Rdf1 O-O 19. Bb4 c5 20. Ba3 Rfc8 21. Bd1
Qa5 22. dxc5 Ndxc5 23. b4 Nd3# 0-1

[Event "4NCL Online Division 6"]
[Site "online"]
[Date "2020.10.20"]
[Round "5.173"]
[White "Henderson, Jason"]
[Black "Fields, Adam"]
[Result "1-0"]
[WhiteElo "1697"]
[BlackElo "1450"]
[PlyCount "119"]
[EventDate "2020.10.20"]
[WhiteTeam "Calstock Killers"]
[BlackTeam "Crewe BOL"]

1. d4 Nf6 2. c4 g6 3. Nf3 Bg7 4. Nc3 O-O 5. Bg5 d6 6. e3 c5 7. d5 Na6 8. a3 Nc7
9. Be2 a6 10. O-O Nd7 11. Qc2 f6 12. Bf4 Re8 13. Rab1 Nf8 14. b4 e5 15. dxe6
Nfxe6 16. Bg3 Qe7 17. Rfd1 Rd8 18. Rd2 Bf8 19. Rbd1 b6 20. Ne4 Ne8 21. Nxd6
Nxd6 22. Bxd6 Qf7 23. Bxf8 Rxd2 24. Qxd2 Qxf8 25. Qd5 Rb8 26. e4 Kg7 27. e5 f5
28. Qd6 Qxd6 29. exd6 Bb7 30. d7 Rd8 31. Rd6 Kf7 32. Kf1 cxb4 33. axb4 Ke7 34.
Rxb6 Rxd7 35. Ne5 Rc7 36. c5 a5 37. Bc4 Nf4 38. g3 Nd5 39. Bxd5 Bxd5 40. bxa5
Rxc5 41. a6 Rc7 42. f4 Ra7 43. Kf2 Be4 44. Ke3 Kd8 45. Kd4 Kc7 46. Rf6 Bg2 47.
Nc4 Bf1 48. Kc5 Bg2 49. Rf7+ Kb8 50. Rf8+ Kc7 51. Rf7+ Kb8 52. Rf6 Rc7+ 53. Kb6
Bd5 54. Na5 Bf7 55. Nc6+ Kc8 56. a7 Rb7+ 57. Ka6 Bc4+ 58. Ka5 Rb5+ 59. Ka4 Kc7
60. a8=Q 1-0

[Event "4NCL Online Division 6"]
[Site "online"]
[Date "2020.10.20"]
[Round "5.174"]
[White "Crosby, Andrew"]
[Black "Hill, Michael"]
[Result "0-1"]
[WhiteElo "1442"]
[BlackElo "1675"]
[PlyCount "58"]
[EventDate "2020.10.20"]
[WhiteTeam "Crewe BOL"]
[BlackTeam "Calstock Killers"]

1. e4 c6 2. d4 d5 3. Nc3 dxe4 4. Nxe4 Bf5 5. Ng3 Bg6 6. h4 h6 7. Nf3 Nd7 8. h5
Bh7 9. Bd3 Bxd3 10. Qxd3 Ngf6 11. Ne4 e6 12. Bf4 Nxe4 13. Qxe4 Nf6 14. Qd3 Qa5+
15. c3 Rd8 16. b4 Qb6 17. Ne5 a6 18. a4 Qa7 19. Be3 Nd5 20. O-O Qb8 21. Bd2 Nf6
22. g4 Bd6 23. Bf4 Nxg4 24. Qg3 Nxe5 25. Qxg7 Ke7 26. Bg5+ hxg5 27. Qxg5+ f6
28. Qe3 Rdg8+ 29. Kh1 Rxh5+ 0-1